Poliologia, das ist (Record no. 8252)
[ view plain ]
| 000 -CABECERA | |
|---|---|
| campo de control de longitud fija | 01291nam a2200265 a 4500 |
| 001 - NÚMERO DE CONTROL | |
| campo de control | BRCA_8589 |
| 005 - FECHA Y HORA DE LA ÚLTIMA TRANSACCIÓN | |
| campo de control | 20190320210335.0 |
| 008 - DATOS DE LONGITUD FIJA--INFORMACIÓN GENERAL | |
| campo de control de longitud fija | 220816s1695----gw-#######---#000-0#ger-# |
| 041 ## - CÓDIGO DE LENGUA | |
| Código de lengua del texto/banda sonora o título independiente | ger |
| 044 ## - CÓDIGO DEL PAÍS DE LA ENTIDAD EDITORA/PRODUCTORA | |
| Código MARC del país | gw |
| 050 #4 - SIGNATURA TOPOGRÁFICA DE LA BIBLIOTECA DEL CONGRESO | |
| Número de clasificación | G1922 |
| Número de documento/Ítem | .J64 |
| -- | 1695 |
| 245 10 - MENCIÓN DE TÍTULO | |
| Título | Poliologia, das ist |
| Resto del título | accurate beschreibung aller vornehmsten in der ganzen welt befindlichen städten, schlössern, und vestungen co mol mas ihre crbauung fortification religion herrschafft und regierungs form als auch die van ihrem ursprung an bis aus gegenmartigezeit sich ereignete kriege und friedens freud und leid betreffende bege benheiten betrisst. |
| 260 ## - PUBLICACIÓN, DISTRIBUCIÓN, ETC. | |
| Lugar de publicación, distribución, etc. | Nurnberg |
| Nombre del editor, distribuidor, etc. | Berlegts johann leonhard bugget |
| Fecha de publicación, distribución, etc. | 1695 |
| 300 ## - DESCRIPCIÓN FÍSICA | |
| Extensión | 1 vol. (con varias paginaciones) |
| Dimensiones | 17 cm |
| 500 ## - NOTA GENERAL | |
| Nota general | Fondo antiguo |
| 500 ## - NOTA GENERAL | |
| Nota general | Se encuentra en Caja Fuerte |
| 500 ## - NOTA GENERAL | |
| Nota general | W-142 |
| 500 ## - NOTA GENERAL | |
| Nota general | Con Ex-libris de: Franz Mayer |
| 500 ## - NOTA GENERAL | |
| Nota general | Estado físico: portada desprendida, encuadernación deteriodada |
| 500 ## - NOTA GENERAL | |
| Nota general | Nota de encuadernación: en piel con cartón, una de las tapas se encuentra desprendida de la encuadernación, lomo desgastado, guarda desprendida |
| 506 0# - NOTA DE RESTRICCIONES AL ACCESO | |
| Limitaciones de acceso | Fondo reservado: para su consulta es necesario credencial de usuario y carta de motivos |
| 650 14 - PUNTO DE ACCESO ADICIONAL DE MATERIA--TÉRMINO DE MATERIA | |
| Término de materia o nombre geográfico como elemento de entrada | Geografía |
| 9 (RLIN) | 19627 |
| 902 ## - CATALOGADOR | |
| Iniciales | LAR |
| 942 ## - ELEMENTOS DE PUNTO DE ACCESO ADICIONAL (KOHA) | |
| Fuente del sistema de clasificación o colocación | Library of Congress Classification |
| Tipo de ítem Koha | Libros |
| Estado de retiro | Estado de pérdida | Estado dañado | No para préstamo | Localización permanente | Ubicación/localización actual | Fecha de adquisición | Número de inventario | Total de préstamos | Signatura topográfica completa | Código de barras | Fecha visto por última vez | Precio válido a partir de | Tipo de ítem Koha |
|---|---|---|---|---|---|---|---|---|---|---|---|---|---|
| El ejemplar forma parte de la colección y puede ser consultado según las políticas vigentes. | Biblioteca del Museo Franz Mayer (Rogerio Casas-Alatriste) | Biblioteca del Museo Franz Mayer (Rogerio Casas-Alatriste) | 22/08/2016 | W-142 | G1922 .J64 1695 (W-142) | LAR00094 | 22/03/2019 | 22/03/2019 | Libros |